Microstrip Antenna array Design for Flying Ad-Hoc Networks (FANETS) / (Record no. 535643)

000 -LEADER
fixed length control field 00517nam a22001457a 4500
082 ## - DEWEY DECIMAL CLASSIFICATION NUMBER
Classification number 621.3
100 ## - MAIN ENTRY--PERSONAL NAME
Personal name Asghar Abbas Razzaqi.
245 ## - TITLE STATEMENT
Title Microstrip Antenna array Design for Flying Ad-Hoc Networks (FANETS) /
Statement of responsibility, etc. Asghar Abbas Razzaqi.
260 ## - PUBLICATION, DISTRIBUTION, ETC.
Place of publication, distribution, etc. Islamabad :
Name of publisher, distributor, etc. PNEC - NUST,
Date of publication, distribution, etc. 2015.
300 ## - PHYSICAL DESCRIPTION
Extent 72 p. : ill. ;
Dimensions 30cm.
942 ## - ADDED ENTRY ELEMENTS (KOHA)
Source of classification or shelving scheme
Koha item type Thesis
650 ## - SUBJECT ADDED ENTRY--TOPICAL TERM
Topical term or geographic name entry element Electrical Engineering - MS Theses.
700 ## - ADDED ENTRY--PERSONAL NAME
Personal name Sup: Dr. Khawaja Bilal Ahmed Mahmood
650 ## - SUBJECT ADDED ENTRY--TOPICAL TERM
-- 26977
700 ## - ADDED ENTRY--PERSONAL NAME
-- 30363
Holdings
Withdrawn status Lost status Source of classification or shelving scheme Damaged status Not for loan Permanent Location Current Location Shelving location Date acquired Full call number Barcode Date last seen Price effective from Non-public note Koha item type
          Central Library (CL) Central Library (CL) Thesis 09/21/2020 621.3 CL-T-6001 09/21/2020 09/21/2020 Minute Sheet No. 0929/02/CL/Survey/5 dated 23rd April 2024 E-MIN ID 114741 Thesis
© 2023 Central Library, National University of Sciences and Technology. All Rights Reserved.